Mathématiques adaptées aux élèves etrangers (Record no. 72542)

MARC details
000 -CABECERA
campo de control de longitud fija 00499nam a2200193 a 4500
005 - FECHA Y HORA DE LA ÚLTIMA TRANSACCIÓN
campo de control 20210219153251.0
008 - ELEMENTOS DE LONGITUD FIJA--INFORMACIÓN GENERAL
campo de control de longitud fija 991125n 000 0 u
035 ## - NÚMERO DE CONTROL DEL SISTEMA
Número de control de sistema UPN01000087355
100 ## - ASIENTO PRINCIPAL--NOMBRE PERSONAL
Nombre de persona CHARPENTIER, Brigitte
222 ## - TÍTULO CLAVE
Título clave PLOT
245 ## - MENCIÓN DE TÍTULO
Título Mathématiques adaptées aux élèves etrangers
300 ## - DESCRIPCIÓN FÍSICA
Extensión 40-41
362 ## - FECHAS DE PUBLICACIÓN Y/O DESIGNACIÓN SECUENCIAL
Fecha de publicación y/o designación secuencial 1992 No. 61 oct.-dèc.
653 0# - TERMINO DE INDIZACION - NO CONTROLADO
Término no controlado ENSEÑANZA
653 0# - TERMINO DE INDIZACION - NO CONTROLADO
Término no controlado ESTUDIANTES EXTRANJEROS
653 0# - TERMINO DE INDIZACION - NO CONTROLADO
Término no controlado MATEMATICAS
904 ## - ELEMENTOS DE DATOS D LOCAL, LDD (RLIN)
a AC
b 025166
905 ## - TIPO DE MATERIAL
Tipo de material Articulo

No items available.